Eine Mission der bayerischen Franziskaner in China im 18. Jahrhundert

Saved in:  
Bibliographic Details
Main Author: Schlund, Erhard 1888-1953 (Author)
Format: Electronic Article
Language:German
Check availability: HBZ Gateway
Interlibrary Loan:Interlibrary Loan for the Fachinformationsdienste (Specialized Information Services in Germany)
Published: 1914
In: Zeitschrift für Missionswissenschaft und Religionswissenschaft
Year: 1914, Volume: 4, Issue: 1, Pages: 12-23
RelBib Classification:KAH Church history 1648-1913; modern history
KBB German language area
KBM Asia
KCA Monasticism; religious orders
RJ Mission; missiology
Online Access: Volltext (kostenfrei)
Parallel Edition:Non-electronic

MARC

LEADER 00000naa a22000002c 4500
001 1928365426
003 DE-627
005 20250617114932.0
007 cr uuu---uuuuu
008 250617s1914 xx |||||o 00| ||ger c
024 7 |a 10.71517/zmr.v4i1.16937  |2 doi 
035 |a (DE-627)1928365426 
035 |a (DE-599)KXP1928365426 
040 |a DE-627  |b ger  |c DE-627  |e rda 
041 |a ger 
084 |a 1  |a 0  |2 ssgn 
100 1 |e VerfasserIn  |0 (DE-588)121618595  |0 (DE-627)081425716  |0 (DE-576)162924062  |4 aut  |a Schlund, Erhard  |d 1888-1953 
109 |a Schlund, Erhard 1888-1953  |a Schlund, P. Erhard 1888-1953  |a Pater Erhard Schlund 1888-1953 
245 1 5 |a Eine Mission der bayerischen Franziskaner in China im 18. Jahrhundert 
264 1 |c 1914 
336 |a Text  |b txt  |2 rdacontent 
337 |a Computermedien  |b c  |2 rdamedia 
338 |a Online-Ressource  |b cr  |2 rdacarrier 
506 |a [DE-21]Open Access  |e Controlled Vocabulary for Access Rights  |u http://purl.org/coar/access_right/c_abf2 
533 |a Reproduktion  |d 2025  |7 |2025|||||||||| 
540 |a [DE-21]Urheberrechtsschutz 1.0  |2 rs  |u https://rightsstatements.org/page/InC/1.0/?language=en 
601 |a Mission 
601 |a Franziskaner 
652 |a KAH:KBB:KBM:KCA:RJ 
773 0 8 |i Enthalten in  |t Zeitschrift für Missionswissenschaft und Religionswissenschaft  |d St. Ottilien : EOS-Verl., 1911  |g 4(1914), 1, Seite 12-23  |w (DE-627)1028797486  |w (DE-600)2938729-2  |w (DE-576)508460220  |7 nnas 
773 1 8 |g volume:4  |g year:1914  |g number:1  |g pages:12-23 
776 0 8 |i Elektronische Reproduktion von  |a Schlund, Erhard, 1888 - 1953  |t Eine Mission der bayerischen Franziskaner in China im 18. Jahrhundert  |d 1914  |w (DE-627)1850864896  |k Non-Electronic 
856 4 0 |u https://doi.org/10.71517/zmr.v4i1.16937  |x Digitalisierung  |z kostenfrei  |3 Volltext  |7 0 
935 |a DTH5  |a mteo 
951 |a AR 
ELC |a 1 
ITA |a 1  |t 1 
LOK |0 000 xxxxxcx a22 zn 4500 
LOK |0 001 4734851034 
LOK |0 003 DE-627 
LOK |0 004 1928365426 
LOK |0 005 20250617114932 
LOK |0 008 250617||||||||||||||||ger||||||| 
LOK |0 040   |a DE-Tue135  |c DE-627  |d DE-Tue135 
LOK |0 092   |o n 
LOK |0 852   |a DE-Tue135 
LOK |0 852 1  |9 00 
LOK |0 935   |a ixzs 
LOK |0 936ln  |0 1442044624  |a KAH 
LOK |0 936ln  |0 144204893X  |a KBM 
LOK |0 936ln  |0 1442044721  |a KBB 
LOK |0 936ln  |0 1442049448  |a KCA 
LOK |0 936ln  |0 1442053240  |a RJ 
LOK |0 939   |a 17-06-25  |b l01 
OAS |a 1 
ORI |a SA-MARC-ixtheoa001.raw 
REL |a 1 
SUB |a REL